000 00537nam a2200205Ia 4500
005 20250923144400.0
008 008 250917s9999 xx 000 0 eng d
037 _aTextual
040 _aDSWL
_beng
_cDSWL
041 _aeng
_2eng
084 _aV2:25M25w, G9
_qDSWL
100 _aMasani, R.P
_9824335
245 0 _aDhadabhai Nooroji
_cby R.P Masani
260 _aLondon
_c1939
300 _a567 p.
365 _aINR
_b16
925 _g16
942 _cTEXL
_hV2:25M25w, G9
999 _c1438153
_d1438153